Normal view
MARC view
- Kulakowski, Bohdan T
Entry Personal Name
001 - CONTROL NUMBER
- control field: 40561
003 - CONTROL NUMBER IDENTIFIER
- control field: NUST
005 - DATE AND TIME OF LATEST TRANSACTION
- control field: 20210314131812.0
008 - FIXED-LENGTH DATA ELEMENTS
- fixed length control field: 210314|| aca||aabn | a|a d
040 ## - CATALOGING SOURCE
- Original cataloging agency: NUST
- Transcribing agency: NUST
100 ## - HEADING--PERSONAL NAME
- Personal name: Kulakowski, Bohdan T
670 ## - SOURCE DATA FOUND
- Source citation: Work cat.: (NUST): Shearer, J. Lowen. 40558, Dynamic modeling and control of engineering systems /, c1997.
